000 00449nam a2200181Ia 4500
001 1313
005 20260306143719.0
008 260306t2006||||xx |||||||||||||| ||spa||
041 _aESP
082 _a193
_bP19
100 _aPalmier, Jean-Michel
_eAUT
245 0 _aHegel:
_bensayo sobre la formación del sistema hegeliano
260 _c2006
300 _a118 páginas :
_c17 cm.
650 _aGEN
654 _aCHU
942 _cLIB
_dJUS
_fJUS
_2ddc
_n
999 _c1313
_d1313